000 00447nam a2200181Ia 4500
001 16445
005 20260306170310.0
008 260306t2008||||xx |||||||||||||| ||und||
041 _aESP
082 _a348.6
_bD35 T. 2
100 _aDe Buen L., Néstor
_eAUT
245 0 _aDerecho del trabajo:
_bderecho individual, derecho colectivo
260 _c2008
300 _a
_c23 cm.
650 _aGEN
654 _aCDE
942 _cLIB
_dJUS
_fJUS
_2ddc
_n
999 _c16445
_d16445